| 000 | 02158cam a22004574i 4500 | ||
|---|---|---|---|
| 003 | PE-LiUPU | ||
| 005 | 20250731184508.0 | ||
| 008 | 150617s r 000 0 d | ||
| 035 | _a(Sirsi) a14954 | ||
| 040 |
_aPE-LiUPU _bspa _cPE-LiUPU _erda |
||
| 049 | _aPRUA | ||
| 082 | 0 | 4 |
_a910.827 _bM27 _221 |
| 100 | 1 |
_aMassa, Lorenzo, _eautor. |
|
| 245 | 1 | 0 |
_aMonografía de Magallanes, sesenta años de acción Salesiana en el sur 1886 - 1946 / _cLorenzo Massa. |
| 264 | 1 |
_aPunta Arenas, Chile : _bDon Bosco, _c1946. |
|
| 300 |
_a530 páginas ; _c25 cm |
||
| 336 |
_atext _2rdacontent |
||
| 337 |
_aunmediated _2rdamedia |
||
| 338 |
_avolume _2rdacarrier |
||
| 505 | 0 | _aEl estrecho de Magallanes. -Navegantes y exploradores que cruzaron o tocaron el estrecho de Magallanes desde el siglo XVI hasta el siglo XVIII. -Exploradores del estrecho de Magallanes y regiones colindantes en el siglo XIX, y en los primeros años del siglo XX. -Exploraciones del teritorio de Magallanes y regiones del estrecho, llevadas a cabo por marinos sabios chilenos en el siglo XIX y en los primeros años del siglo XX. -Desde la fundación del fuerte Bulnes, hasta el motín de los artilleros. -Gobernadores del teritorio de Magallanes, después del motín de los artilleros, hasta 1928 - intendentes de la provincia de Magallanes hasta 1945. -Estadísticas y records Magallánicos principales industrias. | |
| 526 | _aP136 | ||
| 526 | _aP135 | ||
| 526 | _aP134 | ||
| 526 | _aP133 | ||
| 526 | _aP144 | ||
| 526 | _aP143 | ||
| 526 | _aP87 | ||
| 526 | _aP35 | ||
| 526 | _aP20 | ||
| 526 | _aP14 | ||
| 526 | _aP10 | ||
| 526 | _aP06 | ||
| 650 | 0 | 4 | _aESTRECHO DE MAGALLANES (1886-1946). |
| 910 |
_ajck _bjvq _cjck _d20150616 |
||
| 942 |
_2ddc _cBOOK |
||
| 949 |
_a910.827 M27 _wDEWEY _c1 _i27527 _lCCODEBUL1 _mBUL _p00.00 _r0 _sY _tBOOK _u2015-04-21 _xEDUCACION _zUNKNOWN _0COMPRA _o.STAFF. Colección General |
||
| 994 |
_aC0 _bPEPRU |
||
| 596 | _a1 | ||
| 999 |
_a910.827 M27 _wDEWEY _c5488 _i27527 _f2021-11-8 _g5 _lCCODEBUL1 _mBUL _r0 _sY _tBOOK _u2015-4-21 _xBIBLIOTECA _zUNKNOWN _0COMPRA _o.STAFF. Colección General _d5488 |
||
| 980 |
_81 _gALBERTO SANCHEZ Responsable de Automatización |
||